[Event "2. Torneio Aberto do Brasil - Fortaleza"]
[Site "Fortaleza BRA"]
[Date "2012.04.06"]
[Round "3.18"]
[White "Da Silva, Alexandre Mota"]
[Black "Asfora, Marco Antonio Hazin"]
[Result "0-1"]
[WhiteElo "1809"]
[BlackElo "2221"]
[PlyCount "34"]
[EventDate "2012.04.05"]
[EventType "swiss"]
[EventRounds "7"]
[EventCountry "BRA"]
[Source "lmi"]
[SourceDate "2012.08.05"]

1. d4 Nf6 2. Nf3 g6 3. c4 Bg7 4. Nc3 O-O 5. e4 d6 6. Qc2 Nc6 7. a3 Bg4 8. Be3
Bxf3 9. gxf3 e5 10. d5 Nd4 11. Bxd4 exd4 12. Ne2 c5 13. dxc6 bxc6 14. c5 dxc5
15. Qxc5 d3 16. Rd1 Nd7 17. Qxc6 Ne5 0-1

[Event "2. Torneio Aberto do Brasil - Fortaleza"]
[Site "Fortaleza BRA"]
[Date "2012.04.06"]
[Round "3.19"]
[White "De Andrade, Roberto Luis Costa"]
[Black "De Albuquerque Junior, Wellington Sampaio"]
[Result "1/2-1/2"]
[WhiteElo "2186"]
[BlackElo "2098"]
[PlyCount "75"]
[EventDate "2012.04.05"]
[EventType "swiss"]
[EventRounds "7"]
[EventCountry "BRA"]
[Source "lmi"]
[SourceDate "2012.08.05"]

1. e4 c5 2. Nf3 Nc6 3. d4 cxd4 4. Nxd4 Nf6 5. Nc3 d6 6. Bc4 Qb6 7. Nb3 e6 8.
Be3 Qc7 9. Qe2 Be7 10. O-O-O a6 11. f3 b5 12. Bd3 Bb7 13. Qf2 Nd7 14. Kb1 Nce5
15. Rhe1 Rb8 16. Ba7 Ra8 17. Bd4 b4 18. Na4 Bc6 19. Nb6 Nxb6 20. Bxb6 Qb8 21.
Na5 Bb5 22. b3 O-O 23. f4 Nxd3 24. cxd3 Bd8 25. Bxd8 Qxd8 26. Nc4 Rb8 27. e5
dxe5 28. fxe5 Qd5 29. Qf3 Bc6 30. Qxd5 Bxd5 31. Rd2 Rfd8 32. Ree2 f6 33. Kc1
fxe5 34. Rxe5 Kf7 35. Rf2+ Ke7 36. g3 Rf8 37. Ree2 Rf6 38. Ne3 1/2-1/2

[Event "2. Torneio Aberto do Brasil - Fortaleza"]
[Site "Fortaleza BRA"]
[Date "2012.04.06"]
[Round "3.20"]
[White "Lima, Jose Sampaio De"]
[Black "Borges, Wagner Da Silva"]
[Result "0-1"]
[WhiteElo "2045"]
[BlackElo "2185"]
[PlyCount "80"]
[EventDate "2012.04.05"]
[EventType "swiss"]
[EventRounds "7"]
[EventCountry "BRA"]
[Source "lmi"]
[SourceDate "2012.08.05"]

1. Nf3 Nf6 2. g3 b6 3. Bg2 Bb7 4. O-O g6 5. c4 Bg7 6. d4 O-O 7. Nc3 Ne4 8. Qc2
Nxc3 9. bxc3 Nc6 10. Nd2 Na5 11. Bxb7 Nxb7 12. Rb1 c5 13. Nb3 d6 14. e4 Qd7 15.
Qe2 Rac8 16. e5 dxe5 17. dxc5 Nxc5 18. Nxc5 Rxc5 19. Be3 Rc7 20. Rfd1 Qe6 21.
Rd5 h5 22. Rbd1 Rfc8 23. c5 bxc5 24. Rd8+ Kh7 25. Qb5 Rxd8 26. Rxd8 f5 27. c4
f4 28. Bd2 Rc6 29. Rd5 Rb6 30. Qd7 f3 31. h4 Rb1+ 32. Kh2 Qa6 33. Rxc5 Qxa2 34.
g4 Rh1+ 35. Kg3 Rg1+ 36. Kxf3 hxg4+ 37. Ke2 Qb1 38. h5 Qd1+ 39. Kd3 e4+ 40.
Kxe4 Qf3# 0-1

[Event "2. Torneio Aberto do Brasil - Fortaleza"]
[Site "Fortaleza BRA"]
[Date "2012.04.06"]
[Round "3.21"]
[White "Luz, Edmundo Reis"]
[Black "Borensztajn, David"]
[Result "1/2-1/2"]
[WhiteElo "2134"]
[BlackElo "1951"]
[PlyCount "111"]
[EventDate "2012.04.05"]
[EventType "swiss"]
[EventRounds "7"]
[EventCountry "BRA"]
[Source "lmi"]
[SourceDate "2012.08.05"]

1. e4 d5 2. exd5 Qxd5 3. Nc3 Qd6 4. d4 Nf6 5. g3 c6 6. Bg2 Bg4 7. Nf3 e6 8. Bf4
Qb4 9. Qd2 Nd5 10. Nxd5 Qxd2+ 11. Kxd2 cxd5 12. Ne5 Bh5 13. g4 Bg6 14. h4 f6
15. Nxg6 hxg6 16. c4 Nc6 17. cxd5 Nxd4 18. Be3 Nb5 19. dxe6 O-O-O+ 20. Ke2 Nd4+
21. Kf1 Nxe6 22. Bxa7 Rd2 23. Rc1+ Kd7 24. Be3 Rxb2 25. Be4 Bd6 26. Kg2 Bf4 27.
Rb1 Rxb1 28. Rxb1 Bxe3 29. Rxb7+ Kd6 30. fxe3 Rxh4 31. Kg3 Rh8 32. Bg2 Rc8 33.
Rb6+ Kd7 34. a4 Rc3 35. Kf2 Ra3 36. Rb7+ Kd6 37. Ra7 Ra2+ 38. Kg1 Ra1+ 39. Kh2
Ra3 40. a5 Rxe3 41. a6 Ra3 42. Bf1 Ra2+ 43. Kg3 Ra3+ 44. Kf2 Ra2+ 45. Ke3 Ra3+
46. Kd2 Nc7 47. Bc4 f5 48. Rb7 fxg4 49. Bd3 g3 50. Rb6+ Ke5 51. Rxg6 Nxa6 52.
Bxa6 g2 53. Bb7 Ra2+ 54. Ke3 Ra3+ 55. Kf2 Ra2+ 56. Kg1 1/2-1/2

[Event "2. Torneio Aberto do Brasil - Fortaleza"]
[Site "Fortaleza BRA"]
[Date "2012.04.06"]
[Round "3.22"]
[White "Dumont, Sadi Glasser"]
[Black "Lemos, Dawton Almino"]
[Result "1/2-1/2"]
[WhiteElo "2316"]
[BlackElo "1887"]
[PlyCount "68"]
[EventDate "2012.04.05"]
[EventType "swiss"]
[EventRounds "7"]
[EventCountry "BRA"]
[Source "lmi"]
[SourceDate "2012.08.05"]

1. e4 e6 2. d3 d5 3. Nd2 c5 4. Ngf3 Nc6 5. g3 Nf6 6. Bg2 Be7 7. O-O O-O 8. c3
b5 9. a4 bxa4 10. Rxa4 Qc7 11. Re1 d4 12. cxd4 cxd4 13. Nc4 e5 14. Bd2 Nd7 15.
b4 Rb8 16. Qa1 Bxb4 17. Bxb4 Rxb4 18. Rc1 Rb5 19. Ncxe5 Ndxe5 20. Nxd4 Rb6 21.
Nxc6 Rxc6 22. Rxc6 Qxc6 23. d4 Nd3 24. e5 Qc2 25. Ra2 Qc1+ 26. Bf1 Qxa1 27.
Rxa1 Nb4 28. Rxa7 Be6 29. Bg2 g6 30. Rb7 Nd5 31. Kf1 Rd8 32. Ke2 Rc8 33. Bxd5
Bxd5 34. Rd7 Be6 1/2-1/2

[Event "2. Torneio Aberto do Brasil - Fortaleza"]
[Site "Fortaleza BRA"]
[Date "2012.04.06"]
[Round "3.23"]
[White "Lemos, Anderson Willian Pe"]
[Black "De Araujo, Felipe Fernandes Vi"]
[Result "0-1"]
[WhiteElo "1941"]
[BlackElo "2269"]
[PlyCount "70"]
[EventDate "2012.04.05"]
[EventType "swiss"]
[EventRounds "7"]
[EventCountry "BRA"]
[Source "lmi"]
[SourceDate "2012.08.05"]

1. e4 c5 2. Nc3 d6 3. Nf3 Nf6 4. d4 cxd4 5. Nxd4 a6 6. Be2 e6 7. O-O Be7 8. Be3
O-O 9. f3 Nc6 10. Nb3 b5 11. a4 b4 12. Na2 d5 13. exd5 Nxd5 14. Bf2 Na5 15.
Nac1 Nxb3 16. cxb3 Nf4 17. Bc4 Bb7 18. Nd3 Nxd3 19. Bxd3 Bf6 20. Rb1 Qa5 21.
Qe2 Bd5 22. Bc4 Bxc4 23. Qxc4 Rfc8 24. Qe4 Qc7 25. Bd4 Bxd4+ 26. Qxd4 a5 27.
Rfd1 Qe7 28. Qe3 h6 29. Rdc1 Qf6 30. Qd2 Rd8 31. Qe2 Qg5 32. Qc2 Qe3+ 33. Qf2
Qxf2+ 34. Kxf2 Rd2+ 35. Kg3 Rad8 0-1

[Event "2. Torneio Aberto do Brasil - Fortaleza"]
[Site "Fortaleza BRA"]
[Date "2012.04.06"]
[Round "3.24"]
[White "Mascarenhas, Alberto Pinheiro"]
[Black "Dos Santos, Roberto Melo"]
[Result "1-0"]
[WhiteElo "2268"]
[BlackElo "1937"]
[PlyCount "87"]
[EventDate "2012.04.05"]
[EventType "swiss"]
[EventRounds "7"]
[EventCountry "BRA"]
[Source "lmi"]
[SourceDate "2012.08.05"]

1. c4 Nf6 2. Nc3 g6 3. e4 d6 4. d4 Bg7 5. f4 O-O 6. Nf3 Nbd7 7. e5 Ne8 8. Be3
b6 9. Be2 c5 10. e6 fxe6 11. Ng5 Ndf6 12. dxc5 bxc5 13. Bxc5 Bd7 14. Bd4 Rb8
15. Qd2 h6 16. Nf3 Qa5 17. O-O Ng4 18. h3 Bxd4+ 19. Qxd4 Ngf6 20. Rab1 Ng7 21.
g4 Qb6 22. Bd3 Be8 23. b4 Qxd4+ 24. Nxd4 Bf7 25. Nc6 Rb7 26. a4 Be8 27. Nd4 e5
28. fxe5 dxe5 29. Nf3 e4 30. Nxe4 Ne6 31. Nxf6+ exf6 32. Be4 Rc7 33. Bd5 Bf7
34. Nd2 Kg7 35. Ne4 Bg8 36. Rbe1 g5 37. Nd6 Nf4 38. Ne8+ Rxe8 39. Rxe8 Bxd5 40.
cxd5 Nxd5 41. Rd1 Kf7 42. Rd8 Ne7 43. R8d7 Rc4 44. Re1 1-0

[Event "2. Torneio Aberto do Brasil - Fortaleza"]
[Site "Fortaleza BRA"]
[Date "2012.04.06"]
[Round "3.25"]
[White "De Macedo, Alexandre Ricardo S"]
[Black "Baeta, Marcio Netto"]
[Result "1-0"]
[WhiteElo "1920"]
[BlackElo "2154"]
[PlyCount "75"]
[EventDate "2012.04.05"]
[EventType "swiss"]
[EventRounds "7"]
[EventCountry "BRA"]
[Source "lmi"]
[SourceDate "2012.08.05"]

1. f4 e5 2. fxe5 d6 3. exd6 Bxd6 4. Nf3 Bg4 5. e3 Nc6 6. Bb5 h5 7. d4 Nf6 8. c4
Nd7 9. Bxc6 bxc6 10. c5 Be7 11. Nbd2 Bg5 12. Nf1 h4 13. h3 Bh5 14. e4 Bxc1 15.
Rxc1 Nf6 16. Qd3 Bg6 17. N1d2 Nh5 18. O-O Ng3 19. Rfe1 O-O 20. Kh2 Nh5 21. Qe3
f5 22. Ne5 f4 23. Qb3+ Kh7 24. Ndf3 Be8 25. Qe6 Rb8 26. Rc2 Rf6 27. Ng5+ Kh8
28. Nef7+ Bxf7 29. Nxf7+ Rxf7 30. Qxf7 Qg5 31. Kg1 Rd8 32. e5 Rxd4 33. e6 Qd5
34. Qf8+ Kh7 35. e7 Rd2 36. Rxd2 Qxd2 37. e8=Q Qd4+ 38. Kh2 1-0

[Event "2. Torneio Aberto do Brasil - Fortaleza"]
[Site "Fortaleza BRA"]
[Date "2012.04.06"]
[Round "3.26"]
[White "Fernandes Filho, Bergson Fragos"]
[Black "Arruda Filho, Ivo Pereira De"]
[Result "1-0"]
[WhiteElo "2147"]
[BlackElo "1923"]
[PlyCount "35"]
[EventDate "2012.04.05"]
[EventType "swiss"]
[EventRounds "7"]
[EventCountry "BRA"]
[Source "lmi"]
[SourceDate "2012.08.05"]

1. d4 e6 2. e4 d5 3. e5 c5 4. c3 Nc6 5. Nf3 Qb6 6. Bd3 cxd4 7. cxd4 Bb4+ 8. Nc3
Nge7 9. O-O O-O 10. Bxh7+ Kh8 11. Bc2 Ng8 12. Qd3 g6 13. Ng5 Kg7 14. Qh3 Nh6
15. Nxe6+ Bxe6 16. Qxh6+ Kg8 17. Bg5 Be7 18. Bf6 1-0

[Event "2. Torneio Aberto do Brasil - Fortaleza"]
[Site "Fortaleza BRA"]
[Date "2012.04.06"]
[Round "3.27"]
[White "Sales, Luis Carlos"]
[Black "Pinto, Carlos Henrique Lop"]
[Result "0-1"]
[WhiteElo "1892"]
[BlackElo "2124"]
[PlyCount "80"]
[EventDate "2012.04.05"]
[EventType "swiss"]
[EventRounds "7"]
[EventCountry "BRA"]
[Source "lmi"]
[SourceDate "2012.08.05"]

1. d4 f5 2. b3 g6 3. Bb2 Bg7 4. e3 Nf6 5. Nf3 O-O 6. Nbd2 d6 7. Be2 c6 8. c4
Qe8 9. O-O Kh8 10. Qc2 Na6 11. a3 Nc7 12. Rad1 Be6 13. e4 fxe4 14. Nxe4 Bf5 15.
Bd3 Nh5 16. Nh4 Nf4 17. Nxf5 gxf5 18. Ng3 e6 19. Rfe1 Qg6 20. Bf1 h5 21. Bc1
Bh6 22. Bxf4 Bxf4 23. Rd3 h4 24. Ne2 Bg5 25. Rh3 Rf7 26. g3 Rh7 27. Bg2 Rg8 28.
Qd3 e5 29. d5 c5 30. Kh1 hxg3 31. Qxg3 Ne8 32. Rg1 Nf6 33. f4 exf4 34. Rxh7+
Qxh7 35. Nxf4 Ng4 36. Nh3 Be3 37. Qxd6 Qxh3 38. Rf1 Qh4 39. h3 f4 40. Qe6 Qg3
0-1

[Event "2. Torneio Aberto do Brasil - Fortaleza"]
[Site "Fortaleza BRA"]
[Date "2012.04.06"]
[Round "3.28"]
[White "De Freitas, Julio Eimard"]
[Black "Ribeiro, Matheus Cavalcante"]
[Result "0-1"]
[WhiteElo "1865"]
[BlackElo "2121"]
[PlyCount "98"]
[EventDate "2012.04.05"]
[EventType "swiss"]
[EventRounds "7"]
[EventCountry "BRA"]
[Source "lmi"]
[SourceDate "2012.08.05"]

1. d4 Nf6 2. c4 g6 3. Nc3 d5 4. Bf4 Bg7 5. e3 c5 6. Nf3 cxd4 7. exd4 O-O 8. Bd3
Nc6 9. Rc1 Bg4 10. Be3 e5 11. Be2 exd4 12. Nxd4 Bxe2 13. Ndxe2 dxc4 14. O-O Qa5
15. Qa4 Qxa4 16. Nxa4 b5 17. Nac3 a6 18. a4 Rab8 19. axb5 axb5 20. Rfd1 Rfc8
21. Bf4 Rb7 22. Rd6 b4 23. Na4 Ne4 24. Rdd1 Na5 25. Rd5 Ra8 26. Rcd1 h5 27. f3
Nf6 28. Rd8+ Rxd8 29. Rxd8+ Kh7 30. Kf2 Nd7 31. Bd6 Ne5 32. Bxe5 Bxe5 33. Rd5
Bc7 34. f4 Nb3 35. Kf3 Ra7 36. Rd7 Kg7 37. f5 g5 38. Ng3 g4+ 39. Ke4 h4 40.
Nh5+ Kh6 41. Nf6 c3 42. bxc3 bxc3 43. Nxc3 Nc5+ 44. Kd5 Nxd7 45. Nxd7 Ba5 46.
Nf6 Bxc3 47. Nxg4+ Kg5 48. h3 Kxf5 49. Kc4 Ra4+ 0-1

[Event "2. Torneio Aberto do Brasil - Fortaleza"]
[Site "Fortaleza BRA"]
[Date "2012.04.06"]
[Round "3.29"]
[White "Okamura, Milton Kasuo"]
[Black "Lisboa Torres, Eduardo"]
[Result "1-0"]
[WhiteElo "2118"]
[BlackElo "1810"]
[PlyCount "27"]
[EventDate "2012.04.05"]
[EventType "swiss"]
[EventRounds "7"]
[EventCountry "BRA"]
[Source "lmi"]
[SourceDate "2012.08.05"]

1. d4 d5 2. c4 e6 3. Nf3 Nf6 4. Nc3 c6 5. Bg5 h6 6. Bxf6 Qxf6 7. e3 Bd6 8. Bd3
Nd7 9. O-O O-O 10. e4 e5 11. exd5 exd4 12. Ne4 Qf4 13. dxc6 bxc6 14. g3 1-0

[Event "2. Torneio Aberto do Brasil - Fortaleza"]
[Site "Fortaleza BRA"]
[Date "2012.04.06"]
[Round "3.30"]
[White "Lima, Antonio Stenio Patr"]
[Black "Oliveira, Fernando Ventura"]
[Result "0-1"]
[WhiteElo "1799"]
[BlackElo "2113"]
[PlyCount "92"]
[EventDate "2012.04.05"]
[EventType "swiss"]
[EventRounds "7"]
[EventCountry "BRA"]
[Source "lmi"]
[SourceDate "2012.08.05"]

1. e4 c6 2. d4 d5 3. e5 Bf5 4. Nf3 e6 5. Be2 Qb6 6. O-O c5 7. c3 Nc6 8. Qb3
Qxb3 9. axb3 cxd4 10. Nxd4 Nxd4 11. cxd4 Ne7 12. Nc3 Nc6 13. Nb5 Kd7 14. Be3
Be7 15. f4 a6 16. Na3 Rhc8 17. Bf3 Nb4 18. g4 Bc2 19. f5 Bxb3 20. fxe6+ fxe6
21. g5 Nc2 22. Nxc2 Bxc2 23. Bg4 Rf8 24. Rfc1 Rac8 25. Ra5 Bb4 26. Raa1 Bd3 27.
Rxc8 Rxc8 28. Rc1 Rxc1+ 29. Bxc1 b5 30. Kf2 Be7 31. Bd1 a5 32. b3 Bg6 33. h4
Kc7 34. Ke3 Be8 35. Kd3 Kb6 36. Kc2 a4 37. bxa4 b4 38. Kb3 Ka5 39. Kb2 Bxa4 40.
Bxa4 Kxa4 41. Bd2 b3 42. Bc3 g6 43. Be1 Ba3+ 44. Kb1 Kb5 45. Bf2 Kc4 46. Bg1
Bb4 0-1

[Event "2. Torneio Aberto do Brasil - Fortaleza"]
[Site "Fortaleza BRA"]
[Date "2012.04.06"]
[Round "3.31"]
[White "De Oliveira, Aquiles Machado"]
[Black "Magalhaes Jr, Sebastiao Silva"]
[Result "1/2-1/2"]
[WhiteElo "2096"]
[BlackElo "1786"]
[PlyCount "59"]
[EventDate "2012.04.05"]
[EventType "swiss"]
[EventRounds "7"]
[EventCountry "BRA"]
[Source "lmi"]
[SourceDate "2012.08.05"]

1. Nc3 e5 2. Nf3 Nc6 3. e4 Nf6 4. g3 Bb4 5. Bg2 d6 6. d3 Bg4 7. h3 Bh5 8. O-O
Qd7 9. Nd5 Bc5 10. c3 Ne7 11. g4 Bg6 12. Nxf6+ gxf6 13. Bh6 O-O-O 14. Nd2 Rhe8
15. h4 Ng8 16. Be3 Bxe3 17. fxe3 h6 18. d4 Qb5 19. Rb1 Qd3 20. Re1 Qa6 21. h5
Bh7 22. Bf1 Qc6 23. d5 Qd7 24. Bh3 Kb8 25. b3 Qe7 26. Qf3 Qf8 27. Kh2 Qg7 28.
Rf1 Qg5 29. Rbe1 Re7 30. c4 1/2-1/2

[Event "2. Torneio Aberto do Brasil - Fortaleza"]
[Site "Fortaleza BRA"]
[Date "2012.04.06"]
[Round "3.32"]
[White "Fonseca, Luis Ernesto Serra "]
[Black "Rodrigues, Vanessa Ketlyn So"]
[Result "1-0"]
[WhiteElo "2078"]
[BlackElo "1740"]
[PlyCount "51"]
[EventDate "2012.04.05"]
[EventType "swiss"]
[EventRounds "7"]
[EventCountry "BRA"]
[Source "lmi"]
[SourceDate "2012.08.05"]

1. e4 d5 2. exd5 Qxd5 3. Nf3 Nf6 4. d4 c6 5. Nbd2 Bg4 6. c3 e6 7. h3 Bh5 8. Be2
Qa5 9. O-O Bd6 10. Nc4 Qc7 11. Nxd6+ Qxd6 12. Qb3 Qc7 13. Bf4 Qb6 14. Qa3 Nbd7
15. Rad1 Nd5 16. Bd6 O-O-O 17. c4 N7f6 18. cxd5 exd5 19. Bc5 Qc7 20. Qxa7 Rde8
21. Bb6 Qb8 22. Qxb8+ Kxb8 23. Rfe1 Nd7 24. Bc5 b6 25. Bd6+ Kb7 26. Kf1 1-0

[Event "2. Torneio Aberto do Brasil - Fortaleza"]
[Site "Fortaleza BRA"]
[Date "2012.04.06"]
[Round "3.33"]
[White "Macedo, Maximo Valerio"]
[Black "Costa Avelino, Thiago Cesar"]
[Result "1-0"]
[WhiteElo "2070"]
[BlackElo "1740"]
[PlyCount "65"]
[EventDate "2012.04.05"]
[EventType "swiss"]
[EventRounds "7"]
[EventCountry "BRA"]
[Source "lmi"]
[SourceDate "2012.08.05"]

1. c4 c5 2. Nc3 Nc6 3. d3 Nf6 4. Nf3 g6 5. g3 Bg7 6. Bg2 O-O 7. O-O d6 8. Bd2
Bd7 9. a3 a6 10. Rb1 Qc7 11. b4 cxb4 12. axb4 Rab8 13. b5 axb5 14. Nxb5 Qc8 15.
Re1 Ne8 16. Bc3 Bxc3 17. Nxc3 Nc7 18. Qd2 Kg7 19. Rb2 Ne5 20. Nxe5 dxe5 21.
Reb1 b6 22. Rxb6 Rxb6 23. Rxb6 Ne6 24. Rb1 Qc5 25. Nd5 Nd4 26. e3 Nf5 27. Qb4
Qd6 28. Qxd6 exd6 29. Bh3 Be6 30. Nc7 Bc8 31. Rb8 Bd7 32. Rxf8 Kxf8 33. e4 1-0

[Event "2. Torneio Aberto do Brasil - Fortaleza"]
[Site "Fortaleza BRA"]
[Date "2012.04.06"]
[Round "3.34"]
[White "Vescovi, Katherine Lemos"]
[Black "Fiaes, Mario Henrique Andr"]
[Result "1-0"]
[WhiteElo "1706"]
[BlackElo "2069"]
[PlyCount "79"]
[EventDate "2012.04.05"]
[EventType "swiss"]
[EventRounds "7"]
[EventCountry "BRA"]
[Source "lmi"]
[SourceDate "2012.08.05"]

1. e4 c5 2. Nf3 e6 3. d4 cxd4 4. Nxd4 a6 5. c4 Nf6 6. Nc3 Bb4 7. Bg5 Qa5 8. Bd2
Qc7 9. Bd3 O-O 10. O-O Be7 11. Rc1 d6 12. a3 b6 13. b4 Nbd7 14. Qe2 Bb7 15. f4
g6 16. f5 exf5 17. exf5 Rfe8 18. fxg6 hxg6 19. Nd5 Qd8 20. Qf3 Bxd5 21. cxd5
Ne5 22. Qe2 Kg7 23. Bxa6 Rh8 24. Nc6 Nxc6 25. dxc6 Qc7 26. Bc3 b5 27. Bxb5 Rxa3
28. Qxe7 Qxe7 29. Bxf6+ Qxf6 30. Rxf6 Kxf6 31. c7 Raa8 32. Bd7 Rac8 33. b5 Ke7
34. Bxc8 Rxc8 35. b6 Kd7 36. Kf2 d5 37. Rc5 Kd6 38. b7 Rxc7 39. b8=Q Kxc5 40.
Qxc7+ 1-0

[Event "2. Torneio Aberto do Brasil - Fortaleza"]
[Site "Fortaleza BRA"]
[Date "2012.04.06"]
[Round "3.35"]
[White "Do Prado, Hamilton Mesquita"]
[Black "Carvalho, Miguel Angelo Alvar"]
[Result "0-1"]
[WhiteElo "1700"]
[BlackElo "2065"]
[PlyCount "142"]
[EventDate "2012.04.05"]
[EventType "swiss"]
[EventRounds "7"]
[EventCountry "BRA"]
[Source "lmi"]
[SourceDate "2012.08.05"]

1. d4 d5 2. Nf3 Nf6 3. Bf4 c5 4. e3 Qb6 5. Nc3 a6 6. Na4 Qa5+ 7. Nc3 Nc6 8. Be2
Bf5 9. Nh4 Be4 10. O-O e6 11. h3 Be7 12. Nf3 O-O 13. Nxe4 dxe4 14. Ne5 Rfc8 15.
Nxc6 bxc6 16. c4 Rd8 17. Qb3 Nd7 18. Rfd1 cxd4 19. exd4 Qb4 20. c5 a5 21. Bc4
Qxb3 22. axb3 Rdc8 23. Re1 Nf6 24. Ra4 Rd8 25. Rd1 Bxc5 26. Be3 Bb4 27. Rc1 Nd5
28. Bxd5 cxd5 29. Raa1 Rdc8 30. Kf1 Kf8 31. Ke2 Ke7 32. Bd2 Rxc1 33. Rxc1 Kd7
34. Ra1 Bxd2 35. Kxd2 Kc6 36. b4 a4 37. Rc1+ Kb6 38. Rc5 a3 39. bxa3 Rxa3 40.
Rc8 Rd3+ 41. Kc2 Rxd4 42. Kc3 Rd1 43. Rb8+ Kc7 44. Rf8 Kd6 45. Rxf7 Rc1+ 46.
Kd2 Rc7 47. Rf8 d4 48. Rb8 d3 49. Rb5 Rc2+ 50. Ke1 e3 51. fxe3 Rxg2 52. Rb8
Re2+ 53. Kd1 Rxe3 54. Kd2 Rxh3 55. b5 Kc7 56. Re8 Kb6 57. Rb8+ Kc5 58. b6 Kc6
59. b7 Kc7 60. Rg8 Kxb7 61. Rxg7+ Kc6 62. Ra7 Kd5 63. Ra5+ Ke4 64. Ra4+ Kf5 65.
Ra8 e5 66. Rf8+ Ke4 67. Re8 h5 68. Re7 h4 69. Re8 Rh2+ 70. Kd1 h3 71. Rd8 Ke3
0-1

[Event "2. Torneio Aberto do Brasil - Fortaleza"]
[Site "Fortaleza BRA"]
[Date "2012.04.06"]
[Round "3.36"]
[White "Araujo, Vitor Angelo Lima"]
[Black "Azevedo Junior, Jose Ferreira"]
[Result "0-1"]
[WhiteElo "1665"]
[BlackElo "2059"]
[PlyCount "98"]
[EventDate "2012.04.05"]
[EventType "swiss"]
[EventRounds "7"]
[EventCountry "BRA"]
[Source "lmi"]
[SourceDate "2012.08.05"]

1. d4 Nf6 2. c4 e6 3. Nf3 c5 4. e3 d5 5. Nc3 dxc4 6. Bxc4 a6 7. a4 Nc6 8. O-O
cxd4 9. Nxd4 Nxd4 10. exd4 Bd6 11. d5 Bxh2+ 12. Kxh2 Qc7+ 13. g3 Qxc4 14. dxe6
Bxe6 15. Re1 O-O 16. Qf3 Rae8 17. Be3 Bd7 18. Qxb7 Rb8 19. Qa7 Rxb2 20. Qd4
Ng4+ 21. Kg1 Nxe3 22. Qxd7 Qxc3 23. Rxe3 Qf6 24. Rf1 h5 25. Re4 g6 26. Rf4 Qb6
27. Re1 Rb4 28. Rxb4 Qxb4 29. Re3 Qc4 30. Re5 Qc8 31. Qd3 Rd8 32. Rd5 Rxd5 33.
Qxd5 Qe6 34. Qd4 Qc6 35. Kh2 Kh7 36. Kg1 Qf3 37. Qd6 Qe2 38. Qd4 Qg4 39. Qf6
Qe6 40. Qd4 g5 41. Kg2 Qc6+ 42. Kg1 Qg6 43. a5 Qe6 44. Qb6 Kg6 45. Qd8 h4 46.
Qg8+ Kh5 47. Qh7+ Kg4 48. Qd3 Qe1+ 49. Kg2 h3+ 0-1

[Event "2. Torneio Aberto do Brasil - Fortaleza"]
[Site "Fortaleza BRA"]
[Date "2012.04.06"]
[Round "3.37"]
[White "Lima Neto, Pedro"]
[Black "Monte, Edmar Ferreira"]
[Result "1-0"]
[WhiteElo "2058"]
[BlackElo "1704"]
[PlyCount "117"]
[EventDate "2012.04.05"]
[EventType "swiss"]
[EventRounds "7"]
[EventCountry "BRA"]
[Source "lmi"]
[SourceDate "2012.08.05"]

1. d4 Nf6 2. c4 e6 3. g3 c6 4. Bg2 d5 5. Nf3 Bd6 6. O-O O-O 7. Qc2 Nbd7 8. Nbd2
b6 9. b3 Bb7 10. Bb2 Rc8 11. e4 dxe4 12. Nxe4 Nxe4 13. Qxe4 Nf6 14. Qe2 Qe7 15.
Ne1 Ba3 16. Nd3 Bxb2 17. Qxb2 Rfd8 18. Rfd1 c5 19. dxc5 Bxg2 20. Kxg2 Qb7+ 21.
f3 bxc5 22. Qe5 Qc6 23. Qxc5 Qa8 24. Qe3 Ng4 25. Qf4 h5 26. h3 Nf6 27. Rd2 a5
28. Rad1 a4 29. b4 Qa6 30. Nc5 Rxd2+ 31. Rxd2 Qb6 32. a3 Qa7 33. g4 hxg4 34.
hxg4 Qa8 35. Nd7 Nxd7 36. Rxd7 Rf8 37. Qd6 Qc8 38. c5 e5 39. b5 e4 40. fxe4 Qa8
41. c6 Qa5 42. Qd3 Qb6 43. Rb7 Qc5 44. c7 Qg5 45. Kg3 Qe5+ 46. Kh3 Qa1 47. b6
Qh1+ 48. Kg3 g5 49. Qf3 Qe1+ 50. Kg2 Qd2+ 51. Qf2 Qd7 52. Qe2 Kg7 53. Rb8 Rc8
54. Rxc8 Qxc8 55. Kf3 Qh8 56. Kg2 Qc8 57. e5 Qb7+ 58. Qf3 Qxb6 59. Qf6+ 1-0

[Event "2. Torneio Aberto do Brasil - Fortaleza"]
[Site "Fortaleza BRA"]
[Date "2012.04.06"]
[Round "3.38"]
[White "Lima Filho, Gilberto Faco"]
[Black "Pastana, Rafael Pedroni"]
[Result "1-0"]
[WhiteElo "2056"]
[BlackElo "1677"]
[PlyCount "87"]
[EventDate "2012.04.05"]
[EventType "swiss"]
[EventRounds "7"]
[EventCountry "BRA"]
[Source "lmi"]
[SourceDate "2012.08.05"]

1. Nf3 Nf6 2. c4 e6 3. g3 d5 4. cxd5 exd5 5. Bg2 c6 6. O-O Be7 7. d4 Bf5 8. Nc3
O-O 9. Nh4 Bg6 10. Nxg6 hxg6 11. e4 dxe4 12. Nxe4 Nbd7 13. Bd2 Nd5 14. Re1 Bf6
15. Nxf6+ N7xf6 16. Bg5 Qd7 17. Qd2 Rfe8 18. a3 Re6 19. Rxe6 Qxe6 20. Re1 Qd7
21. Bf3 Re8 22. Re5 Nb6 23. Qe1 Rxe5 24. dxe5 Nfd5 25. Qe4 Qf5 26. Qxf5 gxf5
27. Be2 Kf8 28. Bd2 Nd7 29. f4 Nc5 30. Bc4 Ne4 31. Be1 Ke7 32. Bd3 Ke6 33. Kg2
Nc5 34. Bc4 b5 35. Ba2 Na4 36. b4 Ke7 37. Bf2 a6 38. Bxd5 cxd5 39. Bd4 Kd7 40.
Kf3 Kc6 41. g4 fxg4+ 42. Kxg4 Nb6 43. Bxb6 Kxb6 44. Kf3 1-0

[Event "2. Torneio Aberto do Brasil - Fortaleza"]
[Site "Fortaleza BRA"]
[Date "2012.04.06"]
[Round "3.39"]
[White "Mateus, Janete De Alcantara"]
[Black "Chang, Suzana"]
[Result "1/2-1/2"]
[WhiteElo "1888"]
[BlackElo "2055"]
[PlyCount "141"]
[EventDate "2012.04.05"]
[EventType "swiss"]
[EventRounds "7"]
[EventCountry "BRA"]
[Source "lmi"]
[SourceDate "2012.08.05"]

1. d4 Nf6 2. c4 e6 3. Nc3 Bb4 4. Bd2 O-O 5. Nf3 b6 6. g3 Ba6 7. b3 d5 8. e3
dxc4 9. bxc4 c5 10. Be2 Nc6 11. Rb1 Rc8 12. O-O cxd4 13. Nxd4 Nxd4 14. Rxb4 Nc6
15. Rb2 Na5 16. Nb5 Nxc4 17. Bxc4 Rxc4 18. Bc1 Qa8 19. Re1 Rd8 20. Qb3 Rc5 21.
Nd4 e5 22. Nf5 Qe4 23. Nh4 g5 24. f3 Qc6 25. Nf5 Qe6 26. e4 Rd3 27. Nh6+ Kg7
28. Qxe6 fxe6 29. Bxg5 Rxf3 30. Kg2 Rd3 31. h3 Kg6 32. Bxf6 Kxf6 33. Rf2+ Kg6
34. Ng4 h5 35. Ne3 Bb7 36. Nf1 Rc4 37. Nd2 Rc2 38. Nf3 Rxf2+ 39. Kxf2 Kf6 40.
g4 hxg4 41. hxg4 Ra3 42. Re2 Ra4 43. g5+ Kg6 44. Nxe5+ Kxg5 45. Kf3 Ra3+ 46.
Kf2 Kf4 47. Ng6+ Kg4 48. Ne5+ Kg5 49. Nf7+ Kf6 50. Nd6 Ba6 51. e5+ Kg5 52. Rd2
Kf4 53. Nf7 Bc4 54. Rd4+ Kf5 55. Rxc4 Rxa2+ 56. Kg3 Ra3+ 57. Kf2 a5 58. Rc6 Rb3
59. Nd6+ Kxe5 60. Rxb6 Rxb6 61. Nc4+ Kd4 62. Nxb6 Kc5 63. Na4+ Kb4 64. Nb2 Kb3
65. Nd3 Kc4 66. Ke3 Kc3 67. Nc5 e5 68. Na4+ Kb4 69. Nb2 Kb3 70. Nd3 Kc3 71. Nc5
1/2-1/2